000 00252nam a22001217a 4500
999 _c160085
_d160085
082 _a
_b
100 _aMaharshies
245 _aThe smriti sandarbha (v.3)/
_cby Maharshies.
260 _aDelhi:
_bNag,
_c
300 _a
650 _a
942 _cBK